|
|
|
|
| LEADER |
00000cam a2200000 7i4500 |
| 001 |
0000136422 |
| 005 |
20100211.0 |
| 020 |
|
|
|a 0073385085
|
| 020 |
|
|
|a 9780073385082
|
| 090 |
0 |
0 |
|a 808.51
|b NEL
|
| 100 |
1 |
|
|a Nelson, Paul E. (Paul Edward)
|
| 245 |
1 |
0 |
|a iSpeak :
|b public speaking for contemporary life
|c Paul E. Nelson, Scott Titsworth, Judy C. Pearson
|
| 260 |
|
|
|a Boston :
|b McGraw-Hill Higher Education ,
|c 2009
|
| 300 |
|
|
|a 280p. ;
|c 26cm.
|
| 650 |
0 |
0 |
|a Public speaking
|
| 700 |
1 |
|
|a Pearson, Judy C
|
| 700 |
1 |
|
|a Titsworth, Scott
|
| 999 |
|
|
|a 00229440
|b BUKU
|c RUJUKAN
|e PERPUSTAKAAN KOMUNITI PETALING JAYA
|